Public choice III
Saved in:
| Main Author: | |
|---|---|
| Format: | Book |
| Language: | English |
| Published: |
New York
Cambridge University Press
2003
|
| Subjects: | |
| Tags: |
No Tags, Be the first to tag this record!
|
MARC
| LEADER | 00000nam$a2200000$$$4500 | ||
|---|---|---|---|
| 001 | 0100650 | ||
| 005 | 20240229081515.6 | ||
| 020 | |a 978-0-521-89475-3 | ||
| 041 | 0 | |a eng | |
| 044 | |a US | ||
| 245 | 1 | 0 | |a Public choice III |c Dennis C. Mueller |
| 264 | 1 | |a New York |b Cambridge University Press |c 2003 | |
| 300 | |a 768 s. | ||
| 610 | 2 | 0 | |a voľby |
| 610 | 2 | 0 | |a politika |
| 610 | 2 | 0 | |a systémy politické |
| 610 | 2 | 0 | |a demokracia |
| 610 | 2 | 0 | |a spoločnosť |
| 610 | 2 | 0 | |a strany politické |
| 610 | 2 | 0 | |a právo volebné |
| 610 | 2 | 0 | |a byrokracia |
| 610 | 2 | 0 | |a legislatíva |
| 610 | 2 | 0 | |a modely |
| 100 | 1 | |a Mueller, Dennis C. | |